| 000 | 00579nam a2200181Ia 4500 | ||
|---|---|---|---|
| 008 | 090124s9999 xx 000 0 und d | ||
| 082 |
_b161 _a1799 |
||
| 100 | _aलेले ल.ग. | ||
| 245 | _a महाराष्ट्र कामिनी विलास | ||
| 250 | _a1 | ||
| 260 | _c1903 | ||
| 300 | _a152 | ||
| 600 | _aलेले ल.ग. | ||
| 630 | _a महाराष्ट्र कामिनी विलास | ||
| 700 | _aलेले ल.ग. | ||
| 730 | _a महाराष्ट्र कामिनी विलास | ||
| 942 | _cBOOK | ||
| 999 |
_c114122 _d114122 |
||